Регионална библиотека "Любен Каравелов" - Русе

Писатели и досиета (Запис номер 80074)

MARC детайли
000 -Лидер
Контролно поле с фиксирана дължина 01887nam a2200421 c 4500
001 - Контролен номер на записа
Контролно поле 80074
003 - Код на организацията, давaща контролен номер
Контролно поле BLK
005 - Дата и час на последна редакция
Контролно поле 20240131100640.0
008 - Елементи от данни с фиксирана дължина
fixed length control field 180408b bul|||||r ||||||| ||bul||
010 ## - Наследен системен номер
LC control number KNG00084558000
020 ## - Международен стандартен номер на книга ISBN
Международен стандартен номер на книга ISBN 978-954-775-832-2
040 ## - Източник на каталожния запис
Идентификатор на билиотеката - собственик на записа BLK
041 ## - Код за език
Код за езика на текст/звукозапис или на отделно заглавие Български
Код за езика КДБФ Български
080 ## - УДК
Текстов определител УДК Българска литература
УДК код - определител по УДК 821.163.2
УДК определител (092)
УДК - код + определител 821.163.2(092)
080 ## - УДК
Текстов определител УДК Политическо преследване. Терористични действия. Тероризъм - Атентати, политически убийства. Вж и 343.1 ; 343.3/.7
УДК код - определител по УДК 323.28
УДК определител (497.2)(091)
УДК - код + определител 323.28(497.2)(091)
080 ## - УДК
Текстов определител УДК Биографии
УДК код - определител по УДК 929
УДК определител (497.2)
УДК - код + определител 929(497.2)
100 1# - Редна дума - Автор
Автор Трифонова, Цвета Русева
Авторска отговорност първи автор
R(LIN) 371600
139 ## - Редно поле
Редна дума Трифонова, Цвета Русева
Авторски знак Триф - Т 84
245 10 - Сведения за заглавието
Заглавие Писатели и досиета
Подзаглавни данни Полит.-лит. очерци и док.
Редно поле (дума) Цвета Русева Трифонова.
250 ## - Област на изданието
Сведения за изданието 2. изд.
257 ## - Страна на издаване
Страна на създаване/издаване България
260 ## - Област на издателските данни
Име на издателя, разпространителя и проч. Фабер
Година на издаване 2007
Място на издаване, разпространение и проч. В. Търново
300 ## - Физическа характеристика
Страници 412 с.
Илюстрации и др. с портр., ил., факс.
Размери/Мащаб 24 см
380 ## - Жанр
Жанр Литературознание
500 ## - Общи забележки
Забележка 1. изд. 2004. - Библиогр. след всеки раздел и под линия ; Именен показалец
650 #4 - Допълнително описание по предмет – тема
Основно описание – тема или топоним Писатели, български - популярна литература
9 (RLIN) 241948
650 #4 - Допълнително описание по предмет – тема
Основно описание – тема или топоним Политически репресии - България - история
9 (RLIN) 272347
653 ## - Ключова дума – ненормативна
Ключова дума български писатели
653 ## - Ключова дума – ненормативна
Ключова дума политически репресии
653 ## - Ключова дума – ненормативна
Ключова дума секретни документи
852 ## - Местоположение
Форматна сигнатура Цб 240602
856 4# - Електронен адрес и достъп
Електронен формат pdf - файл
856 4# - Електронен адрес и достъп
Електронен формат pdf - файл
942 ## - АРТИКУЛИ
Вид на библиотечния материал Книги
Скрит в OPAC Не
Koha issues (borrowed), all copies 1
944 ## - СЪЗДАВАНЕ И РЕДАКЦИЯ на ЗАПИСА
Създаване/Редакция Създаване
Дата на регистрацията/редакция 21.07.2008
Служител, извършил регистрацията/редакцията 30545
Статус, дата на статуса Нора Радева
944 ## - СЪЗДАВАНЕ И РЕДАКЦИЯ на ЗАПИСА
Създаване/Редакция Редакция
Дата на регистрацията/редакция 18.02.2009
999 ## - СИСТЕМНИ КОНТРОЛНИ НОМЕРА
Koha biblionumber 80074
Koha biblioitemnumber 80074
999 ## - СИСТЕМНИ КОНТРОЛНИ НОМЕРА
Koha biblioitemnumber 80074
Наличности
Код за отписване Код за изгубен артикул Източник на класификационната схема Код за повреда Коз за рестрикции Код за отдаване Артикулен № Име на библиотеката - собственик Име на библиотеката, в която се намира в момента Статус (Текущо местоположение) Дата на вписване в системата Местоположение - отдел Цена в лева Инвентарен номер Систематично азбучна сигнатура Баркод Номер на екземпляра Цена в евро Служебна бележка Служебен тип на артикула
  Не е изгубен Universal Decimal Classification Не е повреден без рестрикции заемане за дома 129785 Регионална библиотека "Любен Каравелов" Русе Регионална библиотека "Любен Каравелов" Русе Заемна - подръчен фонд 2008-07-21 Заемна - подръчен фонд 15.00 120000727614 821.163.2.09(092)/Т 84 120000727614 1 7.67 Дост: Pk Вид: Ф N: 6000 Дата: 17.07.2008 Дата инв: 07.02.2018 Бележки инв: П2018 Книги
Vip Innovations Ltd, Rousse, Bulgaria 2025